Propuestas de alternativas constructivas para disminuir el riesgo por incendio de los edificios de la Escuela de Ciencias de la Computación e Informática y del Centro de Informática de la Universidad de Costa Rica
Na minha lista:
| Autor principal: | |
|---|---|
| Formato: | Livro |
| Publicado em: |
[San José, Costa Rica]
2008
|
| Assuntos: | |
| Tags: |
Adicionar Tag
Sem tags, seja o primeiro a adicionar uma tag!
|
MARC
| LEADER | 00000nam a2200000Ia 4500 | ||
|---|---|---|---|
| 003 | 001126 | ||
| 005 | 20221231144059.0 | ||
| 008 | 140114s2008 cr a 000 ||s d | ||
| 040 | |c cru CEDI | ||
| 090 | |a TFG 5651 | ||
| 100 | |a Toruño Barrantes, Melvin Yanán |9 4352 | ||
| 245 | |a Propuestas de alternativas constructivas para disminuir el riesgo por incendio de los edificios de la Escuela de Ciencias de la Computación e Informática y del Centro de Informática de la Universidad de Costa Rica | ||
| 260 | |c 2008 |b [San José, Costa Rica] | ||
| 300 | |a 161 hojas; ilustraciones a color | ||
| 500 | |a Ocho planos en 8 hojas plegadas en bolsillo. Proyecto de graduación (licenciatura en ingeniería civil)--Universidad de Costa Rica. Facultad de Ingeniería. Escuela de Ingeniería Civil | ||
| 650 | |x INCENDIOS |x MEDIDAS DE SEGURIDAD |x UNIVERSIDAD DE COSTA RICA. FACULTAD DE INGENIERIA. ESCUELA DE CIENCIAS DE LA COMPUTACION E INFORMATICA |x UNIVERSIDAD DE COSTA RICA. CENTRO DE INFORMATICA |x INCENDIOS Y PREVENCION DEL FUEGO |x EVALUACION DE RIESGOS CONTRA INCENDIOS |x PERCEPCION DE RIESGOS |9 4353 | ||
| 942 | |c TFG | ||
| 999 | |c 16610 |d 16610 | ||
